Modelos de democracia : formas de gobierno y resultados en treinta y seis países /

Aquí, Arend Lijphart ofrece un análisis ampliado, de un estudio previo sobre instituciones democráticas del mundo. En este volumen examina 36 democracias durante el medio siglo que va entre 1945 y 1996,y compara sistemáticamente gabinetes, legislaturas, partidos, sistemas electorales, tribunales sup...

Täydet tiedot

Tallennettuna:
Bibliografiset tiedot
Päätekijä: Lijphart, Arend (autor)
Aineistotyyppi: Kirja
Kieli:espanja
Julkaistu: Barcelona, España : Ariel, 2000, c2000
Sarja:(Ariel Ciencia Política)
Aiheet:
Tagit: Lisää tagi
Ei tageja, Lisää ensimmäinen tagi!

MARC

LEADER 00000nam^a2200000^a^4500
001 000157904
005 20250521000000.0
009 20260310100556.436
020 |a 84-344-1815-0 
037 |a Acervo ITESO - Biblioteca 
041 |a ESP 
082 |a 324. 09  |b LIJ 
100 |a Lijphart, Arend  |e (autor) 
245 1 0 |a Modelos de democracia :  |b formas de gobierno y resultados en treinta y seis países /  |c A. Lijphart ; tr. por Carme Castellnou. 
264 4 |a Barcelona, España :  |b Ariel,  |c 2000, c2000 
300 |a 315 p. 
336 |a texto  |b txt  |2 rdacontenido 
337 |a sin mediación  |b n  |2 rdamedio 
338 |a volumen  |b nc  |2 rdasoporte 
440 1 |a (Ariel Ciencia Política) 
500 |a Traducción de: Patterns of Democracy 
520 |a Aquí, Arend Lijphart ofrece un análisis ampliado, de un estudio previo sobre instituciones democráticas del mundo. En este volumen examina 36 democracias durante el medio siglo que va entre 1945 y 1996,y compara sistemáticamente gabinetes, legislaturas, partidos, sistemas electorales, tribunales supremos así como grupos de interés y bancos centrales. Con esto, el autor trata de demostrar que entre más consensual sea una democracia, más comprensiva y benébola resulta a la hora de tomar decisiones con respecto a la asistencia social, medio ambiente o justicia criminal, por ejemplo. 
649 |a XX 
650 |a Bancos y Operaciones Bancarias -  |x Condiciones Políticas 
650 |a Democracia 
650 |a Organización Política 
650 |a Partidos Políticos 
650 |a Sistema Político 
650 |a Poder Político 
650 |a Poder (Ciencias Sociales) 
650 |a Elecciones 
650 |a Sistema Electoral 
650 |a Mayorías Políticas 
650 |a Pluripartidismo 
650 |a Pluralismo 
650 |a Constitucionalismo 
650 |a Violencia -  |x Aspectos Políticos 
650 |a Política Económica 
650 |a Política 
910 |a Fondo General 
920 |a Impresos - Libros 
930 |a Colección General 
905 |a 101 
901 |a 0500087770  |b IT1  |c ACC  |u 20250521 
901 |a 0500094856  |b IT1  |c ACC  |u 20250521 
902 |a https://opac.biblio.iteso.mx/vufind/Record/000157904